000 00249nam a2200109Ia 4500
008 220204s9999 xx 000 0 und d
082 _bBAR
100 _aBarnes, J A
245 0 _aWho should know what
260 _bPenguin books
_c1979
942 _cBK
999 _c32973
_d32973